=LDR 00000nam 2200000 4500 =001 INLIS000000000027934 =990 ##$$a 21603220/BPAP-NTB/2017 =005 20170421174719.0 =990 ##$$a 21603221/BPAP-NTB/2017 =006 =007 =008 Ind =035 ##$$0010-061300000027934 =041 ##$$a Ind =082 ##$$a 657.072 =090 ##$$a 657.072, Mod m =245 ##$$a Modul laboratorium pengantar akuntansi 1, perusahaan jasa bengkel motor =260 ##$$a [S.a] $b [S.l] =300 ##$$a 81 hlm, ilus, 30 cm =650 ##$$a Akuntansi Laboratorium =850 ##$$a NBPNMAT =990 ##$$a 21603221/BPAP-NTB/2017 =990 ##$$a 21603220/BPAP-NTB/2017 =990 ##$$a 13241324 =990 ##$$a 01201901324 =990 ##$$a 21603220/BPAP-NTB/2017 =990 ##$$a 21603221/BPAP-NTB/2017